<?xml version="1.0" encoding="UTF-8"?>
<record
    xmlns:xsi="http://www.w3.org/2001/XMLSchema-instance"
    xsi:schemaLocation="http://www.loc.gov/MARC21/slim http://www.loc.gov/standards/marcxml/schema/MARC21slim.xsd"
    xmlns="http://www.loc.gov/MARC21/slim">

  <leader>00766nam a22002297a 4500</leader>
  <controlfield tag="001">57761</controlfield>
  <controlfield tag="005">20260415105658.0</controlfield>
  <controlfield tag="008">260413s2023         |||||||| |||| 00| 0 eng d</controlfield>
  <datafield tag="020" ind1=" " ind2=" ">
    <subfield code="a">9789819925780</subfield>
  </datafield>
  <datafield tag="040" ind1=" " ind2=" ">
    <subfield code="a">BD-DhIUB</subfield>
    <subfield code="c">BD-DhIUB</subfield>
    <subfield code="d">BD-DhIUB</subfield>
  </datafield>
  <datafield tag="082" ind1=" " ind2=" ">
    <subfield code="2">22</subfield>
    <subfield code="a">342.5492</subfield>
    <subfield code="b">C7651</subfield>
  </datafield>
  <datafield tag="245" ind1=" " ind2=" ">
    <subfield code="a">The Constitutional law of Bangladesh:</subfield>
    <subfield code="b">progression and transformation at its 50th anniversary/</subfield>
    <subfield code="c">edited by M Rafiqul Islam, Muhammad Ekramul Haque.</subfield>
  </datafield>
  <datafield tag="260" ind1=" " ind2=" ">
    <subfield code="a">Singapore:</subfield>
    <subfield code="b">Springer Nature Singapore Ltd.</subfield>
    <subfield code="c">2023</subfield>
  </datafield>
  <datafield tag="300" ind1=" " ind2=" ">
    <subfield code="a">xxx;.424p</subfield>
    <subfield code="c">24cm</subfield>
  </datafield>
  <datafield tag="526" ind1=" " ind2=" ">
    <subfield code="a">SL</subfield>
    <subfield code="b">law</subfield>
    <subfield code="l">Law</subfield>
  </datafield>
  <datafield tag="541" ind1=" " ind2=" ">
    <subfield code="a">Risaam</subfield>
  </datafield>
  <datafield tag="650" ind1=" " ind2="0">
    <subfield code="a">Constitutional law</subfield>
    <subfield code="9">6786</subfield>
  </datafield>
  <datafield tag="651" ind1=" " ind2="4">
    <subfield code="a">Bangladesh</subfield>
    <subfield code="9">374</subfield>
  </datafield>
  <datafield tag="700" ind1=" " ind2=" ">
    <subfield code="a">Islam, M. Rafiqul</subfield>
    <subfield code="9">4879</subfield>
  </datafield>
  <datafield tag="700" ind1=" " ind2=" ">
    <subfield code="a">Haque, Muhammad Ekramul</subfield>
    <subfield code="9">6602</subfield>
  </datafield>
  <datafield tag="942" ind1=" " ind2=" ">
    <subfield code="2">ddc</subfield>
    <subfield code="c">BK</subfield>
  </datafield>
  <datafield tag="999" ind1=" " ind2=" ">
    <subfield code="c">57761</subfield>
    <subfield code="d">57935</subfield>
  </datafield>
  <datafield tag="952" ind1=" " ind2=" ">
    <subfield code="0">0</subfield>
    <subfield code="1">0</subfield>
    <subfield code="2">ddc</subfield>
    <subfield code="4">0</subfield>
    <subfield code="7">1</subfield>
    <subfield code="a">IUBL</subfield>
    <subfield code="b">IUBL</subfield>
    <subfield code="c">Law</subfield>
    <subfield code="d">2026-04-13</subfield>
    <subfield code="e">PURCHASE</subfield>
    <subfield code="g">18780.00</subfield>
    <subfield code="h">2023</subfield>
    <subfield code="l">0</subfield>
    <subfield code="o">342.5492 C7651</subfield>
    <subfield code="p">029653</subfield>
    <subfield code="r">2026-04-13 12:42:00</subfield>
    <subfield code="t">01</subfield>
    <subfield code="v">37560.00</subfield>
    <subfield code="w">2026-04-13</subfield>
    <subfield code="y">BK</subfield>
  </datafield>
  <datafield tag="952" ind1=" " ind2=" ">
    <subfield code="0">0</subfield>
    <subfield code="1">0</subfield>
    <subfield code="2">ddc</subfield>
    <subfield code="4">0</subfield>
    <subfield code="7">1</subfield>
    <subfield code="a">IUBL</subfield>
    <subfield code="b">IUBL</subfield>
    <subfield code="c">Law</subfield>
    <subfield code="d">2026-04-07</subfield>
    <subfield code="e">PURCHASE</subfield>
    <subfield code="g">18780.00</subfield>
    <subfield code="h">2023</subfield>
    <subfield code="l">0</subfield>
    <subfield code="o">342.5492 C7651</subfield>
    <subfield code="p">029652</subfield>
    <subfield code="r">2026-04-15 11:02:03</subfield>
    <subfield code="t">02</subfield>
    <subfield code="v">37560.00</subfield>
    <subfield code="w">2026-04-07</subfield>
    <subfield code="y">BK</subfield>
  </datafield>
</record>
